| 000 | 01463cim a2200361 a 4500 | ||
|---|---|---|---|
| 001 | 0000003921 | ||
| 005 | 20170406115424.0 | ||
| 007 | sdubsmennmplu | ||
| 008 | 840724s1984 nyunnn f eng | ||
| 010 | _a 83740158 | ||
| 028 | 0 | 2 |
_aSBR-505 _bCaedmon |
| 035 | _9(DLC) 83740158 | ||
| 040 |
_aDLC _cDLC _dDLC |
||
| 050 | 1 | 0 | _aPR4622 |
| 050 | 0 | 0 | _aCaedmon SBR-505 |
| 245 | 0 | 4 |
_aThe Hound of the Baskervilles _h[sound recording]. |
| 260 |
_aNew York, N.Y. : _bCaedmon, _cp1984. |
||
| 300 |
_a3 sound discs (172 min.) : _b33 1/3 rpm, stereo. ; _c12 in. |
||
| 306 | _a025200 | ||
| 500 | _a"A Novel Approach recording"--Container. | ||
| 500 | _aDramatized with music and sound effects. | ||
| 500 | _aAdapted by Milt Wisoff. | ||
| 500 | _aAutomatic sequence. | ||
| 500 | _aNotes by Milt Wisoff on container. | ||
| 511 | 1 | _aNicol Williamson (Sherlock Holmes), George Rose (Dr. Watson), Caedmon Players, with Gordon Gould. | |
| 520 | _aA dramatic adaptation with musical accompaniment of Sir Arthur Conan Doyle's famous story. The strange death of Sir Charles Baskerville draws Sherlock Holmes to the gloomy Devon moor, where his courage and astute intellect are severely tested. | ||
| 700 | 1 | _aWisoff, Milt. | |
| 700 | 1 |
_aWilliamson, Nicol. _4prf. |
|
| 700 | 1 |
_aRose, George, _d1920-1988. _4prf. |
|
| 700 | 1 |
_aDoyle, Arthur Conan, _d1859-1930. _tHound of the Baskervilles. |
|
| 710 | 2 |
_aCaedmon Players. _4prf. |
|
| 908 | _a140728 | ||
| 999 |
_c3771 _d3771 |
||